000 00559nam a2200205Ia 4500
005 20250923145125.0
008 008 250917s9999 xx 000 0 eng d
037 _aTextual
040 _aDSWL
_beng
_cDSWL
041 _aeng
_2eng
084 _aSM9:524, N68
_qDSWL
100 _aStorr, Anthony
_9831999
245 0 _aHuman aggression
_cby Anthony Storr
260 _aLondon
_bThe Penguin Press
_c1968
300 _a76 p.
365 _aINR
_b25
925 _g25
942 _cTEXL
_hSM9:524, N68
999 _c1447436
_d1447436